Statistics for U.S.A General Knowledge #1

Click here to take the quiz!

General Stats

  • This quiz has been taken 175 times
    (153 since last reset)
  • The average score is 11 of 15

Answer Stats

QuestionAnswer% Correct
Most Populated State?California
98%
State that has the nickname "Big Apple"?New York
94%
Biggest State by Area?Alaska
92%
President of USA during the civil war?Abraham Lincoln
91%
Capital of Colorado?Denver
90%
Smallest State by Area?Rhode Island
88%
Boise is the Capital of which U.S state?Idaho
86%
Hottest State by Weather?Florida
81%
Least Populated State?Wyoming
79%
State where Ronald Reagan was born?Illinois
69%
Which U.S state has the capital "Concord"?New Hampshire
56%
Capital of South Dakota?Pierre
50%
U.S state with the most poverty rate?Mississippi
46%
In which state was Harry.S Truman born in?Missouri
41%
State with the most homicides?Louisiana
39%

Score Distribution

Percentile by Number Answered

Percent of People with Each Score

Your Score History

You have not taken this quiz since the last reset